Statistics for BadBoyHalo Quiz

Click here to take the quiz!

General Stats

  • This quiz has been taken 25 times
  • The average score is 8 of 20

Answer Stats

QuestionAnswer% Correct
BadBoyHalo's best friendSkeppy
93%
BadBoyHalo's game he usually playsMinecraft
87%
BadBoyHalo's age in 2021 January25
87%
BadBoyHalo's minecraft serverMunchymc
73%
What does BadBoyHalo say when someone swearslanguage
73%
BadBoyHalo's dogs nicknamerat
67%
BadBoyHalo's real nameDarryl
67%
BadBoyHalo's birthdayApril 2nd
60%
BadBoyHalo's dogs namelucy
40%
BadBoyHalo's surnameNoveschosch
33%
BadBoyHalo's birth placeUnited states
33%
BadBoyHalo's eye colourblue
27%
BadBoyHalo's hair colourlight brown
27%
BadBoyHalo's locationFlorida
27%
BadBoyHalo's subscribers in 2021 January2000000
13%
BadBoyHalo's weight72kg
7%
When did BadBoyHalo start his youtube channelMay 28 2012
7%
BadBoyHalo's twitch namethesaintsofgames
7%
How many siblings does BadBoyHalo have1 brother 1 sister
0%
BadBoyHalo's height5 foot 9 inch
0%

Score Distribution

Percentile by Number Answered

Percent of People with Each Score

Your Score History

You have not taken this quiz